Normal view
MARC view
- MS-ESE Thesis MS Thesis
Entry Topical Term
001 - CONTROL NUMBER
- control field: 116284
003 - CONTROL NUMBER IDENTIFIER
- control field: NUST
005 - DATE AND TIME OF LATEST TRANSACTION
- control field: 20230912165921.0
008 - FIXED-LENGTH DATA ELEMENTS
- fixed length control field: 230912|| aca||aabn | a|a d
040 ## - CATALOGING SOURCE
- Original cataloging agency: NUST
- Transcribing agency: NUST
150 ## - HEADING--TOPICAL TERM
- Topical term or geographic name entry element: MS-ESE Thesis MS Thesis
670 ## - SOURCE DATA FOUND
- Source citation: Work cat.: (NUST): Muhammad Ahsan Naveed (NUST201260734MCES64112F) 116283, Fabrication and characterization of CuPc and PCBM dased organic solar cell /, 2014
